| 000 | 01789nam a2200241Ia 4500 | ||
|---|---|---|---|
| 003 | Ost | ||
| 005 | 20260507075355.0 | ||
| 008 | 260507s9999||||xx |||||||||||||| ||und|| | ||
| 020 | _a9773502570 | ||
| 040 | _cfsecg | ||
| 041 | _aara | ||
| 082 | _a658.151 | ||
| 100 |
_aبن داود، إبراهيم ، _eمؤلف |
||
| 245 | 0 |
_aالرقابة المالية على النفقات العامة / _c إبراهيم بن داود |
|
| 260 |
_aالقاهرة: _bدار الكتاب الحديث, _c2020 |
||
| 300 |
_a217 صفحة؛ _bإيضاحات ؛ _c24 سم |
||
| 504 | _aالمراجع ص.203 | ||
| 520 | _aيهدف هدا الكتاب الى ابراز المبادئ السوية التي تحكم مالية الدولة والرقابة عليها على الخصوص، بدءا من تحصيل الموارد الى كيفية إنفاقها في الأوجه المحددة شرعا. من هنا فقد عالج هذا الكتاب عددا من التساؤلات نجمعها في إشكالية :كيف تتم رقابة النفقات التي تصرفها الدولة أو إحدى الهيئات التابعة لها من منظور الشريعة الإسلامية والتشريع الوضعي؟ وما الذي يجسد تحقيق فعاليتها؟ وما الضوابط في أن تأخد كل نفقة مجراها الدي وجهت إليه. ومنه تم تناول الموضوع من خلال فصلين أساسيين هما : مسار النفقات العامة وأوجه الرقابة عليها، وأنظمة الرقابة المالية على النفقات العامة. | ||
| 653 | _aالرقابة المالية | ||
| 653 | _aالنفقات العامة | ||
| 653 | _aتدقيق الحسابات الحكومية | ||
| 942 | _cكتاب | ||
| 999 |
_c44196 _d44196 |
||